Soviet financial system

Đã lưu trong:
書目詳細資料
格式: 圖書
語言:Undetermined
出版: Moscow Progress Publishers 1966
主題:
標簽: 添加標簽
沒有標簽, 成為第一個標記此記錄!
Thư viện lưu trữ: Trung tâm Học liệu Trường Đại học Cần Thơ
LEADER 00418nam a2200157Ia 4500
001 CTU_84838
008 210402s9999 xx 000 0 und d
082 |a 332.0947 
082 |b S729 
245 0 |a Soviet financial system 
245 0 |c Translated from the Russian 
260 |a Moscow 
260 |b Progress Publishers 
260 |c 1966 
650 |a finance 
980 |a Trung tâm Học liệu Trường Đại học Cần Thơ